Countries Whose Largest City Is Not Its Capital - Statistics

General Stats
  • This quiz has been taken 71 times
  • The average score is 25 of 35
Answer Stats
Country Capital Largest City % Correct
Australia Canberra Sydney
99%
United States Washington, D.C. New York City
97%
Turkey Ankara Istanbul
96%
United Arab Emirates Abu Dhabi Dubai
94%
Canada Ottowa Toronto
93%
Brazil Brasilia São Paulo
91%
Israel Jerusalem Tel Aviv
91%
Morocco Rabat Casablanca
90%
South Africa Pretoria Johannesburg
90%
Liechtenstein Vaduz Schaan
90%
Switzerland Bern Zurich
90%
India New Delhi Mumbai
88%
China Beijing Shanghai
88%
Vietnam Hanoi Ho Chi Minh City
87%
Nigeria Abuja Lagos
84%
New Zealand Wellington Auckland
82%
Sri Lanka Sri Jayawardenepura Kotte Colombo
79%
Pakistan Islamabad Karachi
78%
Tanzania Dodoma Dar es Salaam
76%
Belize Belmopan Belize City
70%
Myanmar Naypyidaw Yangon
67%
Kazakhstan Astana Almaty
66%
Ivory Coast Yamoussoukro Abidjan
63%
Philippines Manila Quezon City
60%
Benin Porto-Novo Cotonou
58%
Cameroon Yaoundé Douala
58%
Burundi Gitega Bujumbura
57%
Bolivia La Paz / Sucre Santa Cruz de la Sierra
40%
Palau Ngerulmud Koror
39%
Equatorial Guinea Malabo Bata
37%
San Marino San Marino Serravalle
37%
Gambia Banjul Serrekunda
36%
Malta Valletta St. Paul's Bay
36%
Federated States of Micronesia Palikir Weno
34%
Trinidad and Tobago Port of Spain Chaguanas
33%
No matching quizzes found
Score Distribution
Percent of People with Each Score
Percentile by Number Answered
Your Score History
You have not taken this quiz